| 000 | 00574nam a2200229Ia 4500 | ||
|---|---|---|---|
| 003 | OSt | ||
| 005 | 20230401091549.0 | ||
| 008 | 210423s2009 xx 000 0 und d | ||
| 020 | _a8131602508 | ||
| 040 | _cAL | ||
| 041 | _aeng | ||
| 082 | _a338.9 REDP | ||
| 100 |
_aREDDY (P Vijayalakshmi) _981308 |
||
| 245 | _aDevelopment issues | ||
| 260 |
_aJaipur _bRawat Publications _c2009 |
||
| 300 |
_axiv,226 _bHB |
||
| 365 |
_b650 _cINR |
||
| 650 |
_aEconomics _981309 |
||
| 650 |
_aEconomics of Development _981310 |
||
| 906 | _aDevelopment ; issues | ||
| 942 |
_2ddc _cBK |
||
| 999 |
_c157765 _d157765 |
||